| 000 | 00391cam a22001217a 4500 | ||
|---|---|---|---|
| 008 | 180718b2011 xxu||||| |||| 00| 0 eng d | ||
| 082 | _aI51 M344m | ||
| 100 | _aMarla, Irmel V. and Taori, Kamal | ||
| 245 |
_aMisery of leadership : a holistic approach to good leadership _cby Irmel V. Marla and Kamal Taori |
||
| 260 |
_aNew Delhi _bAuthorship _c2011 |
||
| 300 | _a373p. | ||
| 650 | _aLeadesrship | ||
| 999 |
_c502907 _d502907 |
||